000 02644nam a2200301 i 4500
001 000015225
003 DO-SdBNP
005 20240305090729.0
007 ta
008 100203s2008 dr a 000 0 spa d
020 _a9945130560
040 _aDO-SdBNP
_bspa
_cBNPHU
_erda
082 4 _a330.97293
_bF825h 2008
_222
100 1 _aFranco, Franklin J.,
_d1936-
_eautor
_934417
245 1 0 _aHistoria económica y financiera de la República Dominicana 1844-1962 /
_cFranklin Franco Pichardo.
250 _a7 ed.
264 _aSanto Domingo :
_bSociedad Editorial Dominicana,
_c2008.
300 _a310 p. :
_bil. ;
_c21 cm.
500 _aIncluye datos biográficos del autor en la contracubierta
505 _a Perfil de la situación económica del mundo occidental en la época de la Independencia Nacional y años inmediatamente posteriores -- Antecedentes de la Era de la República -- Estructura de la economía: 1844-1870 25 -- Los problemas monetarios -- La economía durante la anexión -- Estado y administración pública -- De las compañías de crédito al endeudamiento exterior -- El repunte y caída de la industria azucarera -- Cambios en la política económica: 1865-1880 -- Tratado de libre cambio con Estados Unidos 1891-1894 -- Población 1844-1900 -- La crisis monetaria y la guerra internacional entre el oro y la plata -- La economía a finales del siglo XIX y los empréstitos con la Wesntendorp y la Santo Domingo Improvement Company -- Los primeros bancos: antecedentes -- Medios de comunicación: 1844-1924 -- La descomposición del campesinado -- La industria, la agricultura y la ganadería desde principios de siglo a 1920 -- La consolidación de la hegemonía norteamericana en la economía nacional -- La convención de 1907 y las reformas económicas del régimen de Cáceres -- El caos político afecta la economía y la administración pública -- La política económica de la dictadura militar norteamericana: 1916-1922 -- La situación económica entre 1922-1930 -- La crisis mundial de 1929 y sus repercusiones, años después -- La economía nacional entre 1935 y segunda guerra mundial -- De la segunda guerra mundial a la creación de la moneda nacional .
590 _aInventariado, 2021/VM
650 4 _aFinanzas
_xRepública dominicana
_xHistoria
_y1844-1962
_913745
651 4 _aRepública Dominicana
_xCondiciones Económicas
_xHistoria
_y1844-1962
_913746
651 4 _aRepública Dominicana
_xPolítica Económica
_xHistoria
_y1844-1962
_913747
710 2 _aUniversidad Autónoma de Santo Domingo
_976692
910 _aVMateo Validado. Control de calidad. MFF
942 _2ddc
_cLBS1
999 _c14794
_d14794